000 00425pab a2200157 454500
008 180718b2013 xxu||||| |||| 00| 0 eng d
100 _aTyagi, R.C.
245 _aJan Shiksha Sansthan and employment generation: A study of Mandla district in Madhya Pradesh
260 _c2013
300 _ap.79-98.
362 _aJun
650 _aEmployment creation
773 _aMan and Development
908 _aN
909 _a100890
999 _c100889
_d100889